Metal Health - Name The Songs - Statistics

General Stats
  • This quiz has been taken 18 times
  • The average score is 6 of 10
Answer Stats
Hint Answer % Correct
Song 2: Cum On Feel The Noize
100%
Song 1: Metal Health
83%
Song 8: Battle Axe
50%
Song 6: Breathless
50%
Song 3: Don’t Wanna Let You Go
50%
Song 9: Let’s Get Crazy
50%
Song 5: Love’s A Bitch
50%
Song 7: Run For Cover
50%
Song 4: Slick Black Cadillac
50%
Song 10: Thunderbird
33%
No matching quizzes found
Score Distribution
Percent of People with Each Score
Percentile by Number Answered
Your Score History
You have not taken this quiz